Star Trek Trivia - Statistics

General Stats
  • This quiz has been taken 1,480 times
    773 since last reset
  • The average score is 20 of 27
Answer Stats
Hint Answer % Correct
Four founding species of the Federation Humans
96%
Primary captains from TV series James T. Kirk
96%
Jean Luc Picard
96%
Vulcans
96%
Primary ships from TV series USS Enterprise
95%
Enterprise NX-01
94%
USS Enterprise-D
94%
Kathryn Janeway
92%
USS Voyager
87%
Capital of the Federation Earth
86%
Benjamin Sisko
81%
Great power of the Delta Quadrant Borg
81%
Four main powers of the Alpha and Beta Quadrants prior to the Dominion War United Federation of Planets
80%
Jonathan Archer
79%
Great power from the Gamma Quadrant Dominion
68%
Andorians
67%
Primary species of the above power Changelings
65%
Capital of the Klingon Empire Qo'noS
65%
Klingon Empire
63%
USS Defiant
63%
Romulan Star Empire
61%
Philippa Georgiou/Gabriel Lorca/Christopher Pike
59%
USS Discovery
59%
Jem'Hadar
57%
Cardassian Union
51%
Vorta
50%
Tellarites
44%
No matching quizzes found
Score Distribution
Percent of People with Each Score
Percentile by Number Answered
Your Score History
You have not taken this quiz since the last reset